Muerte digna : (Registro nro. 4717)

Detalles MARC
000 -CABECERA
campo de control de longitud fija 01051cam a22003375i 4500
001 - NÚMERO DE CONTROL
campo de control 20230054
003 - IDENTIFICADOR DEL NÚMERO DE CONTROL
campo de control AR-RoIUNI
005 - FECHA Y HORA DE LA ÚLTIMA TRANSACCIÓN
campo de control 20190607122019.0
008 - DATOS DE LONGITUD FIJA--INFORMACIÓN GENERAL
campo de control de longitud fija 170906s2016 ag b 000 0 spa
010 ## - NÚMERO DE CONTROL DE LA BIBLIOTECA DEL CONGRESO
Número de control de LC 2017497602
020 ## - NÚMERO INTERNACIONAL ESTÁNDAR DEL LIBRO
Número Internacional Estándar del Libro 9789871378647
035 ## - NÚMERO DE CONTROL DEL SISTEMA
Número de control de sistema (AR-BaFGC)gc0-188803/0
040 ## - FUENTE DE LA CATALOGACIÓN
Centro catalogador/agencia de origen DLC
Centro/agencia transcriptor AR-RoIUNI
042 ## - CÓDIGO DE AUTENTICACIÓN
Código de autenticación pcc
080 ## - NÚMERO DE LA CLASIFICACIÓN DECIMAL UNIVERSAL
Número de la Clasificación Decimal Universal 174
100 1# - ENTRADA PRINCIPAL--NOMBRE DE PERSONA
Nombre de persona Gómez, Ariel Sergio,
Término indicativo de función/relación author.
245 10 - MENCIÓN DE TÍTULO
Título Muerte digna :
Resto del título cuando el desafío es personal /
Mención de responsabilidad, etc. Ariel Sergio Gómez.
246 3# - FORMA VARIANTE DE TÍTULO
Título propio/Titulo breve Muertedigna
250 ## - MENCIÓN DE EDICIÓN
Mención de edición 2.a edición.
264 #1 - PRODUCCIÓN, PUBLICACIÓN, DISTRIBUCIÓN, FABRICACIÓN Y COPYRIGHT
Producción, publicación, distribución, fabricación y copyright Libertador San Martín, Entre Ríos, Argentina :
Nombre del de productor, editor, distribuidor, fabricante Universidad Adventista del Plata Editorial,
Fecha de producción, publicación, distribución, fabricación o copyright [2016]
300 ## - DESCRIPCIÓN FÍSICA
Extensión 130 pages ;
Dimensiones 22 cm
336 ## - TIPO DE CONTENIDO
Término de tipo de contenido text
Código de tipo de contenido txt
Fuente rdacontent
337 ## - TIPO DE MEDIO
Nombre/término del tipo de medio unmediated
Código del tipo de medio n
Fuente rdamedia
338 ## - TIPO DE SOPORTE
Nombre/término del tipo de soporte volume
Código del tipo de soporte nc
Fuente rdacarrier
650 ## - PUNTO DE ACCESO ADICIONAL DE MATERIA--TÉRMINO DE MATERIA
Término de materia o nombre geográfico como elemento inicial TANATOLOGÍA
650 ## - PUNTO DE ACCESO ADICIONAL DE MATERIA--TÉRMINO DE MATERIA
Término de materia o nombre geográfico como elemento inicial EUTANASIA
650 ## - PUNTO DE ACCESO ADICIONAL DE MATERIA--TÉRMINO DE MATERIA
Término de materia o nombre geográfico como elemento inicial CALIDAD DE VIDA
906 ## - ELEMENTOS DE DATOS F LOCAL, LDF (RLIN)
a 0
b ibc
c origres
d 3
e ncip
f 20
g y-gencatlg
942 ## - ELEMENTOS DE PUNTO DE ACCESO ADICIONAL (KOHA)
Fuente del sistema de clasificación o colocación Clasificación Decimal Universal
Tipo de ítem Koha Libros
Existencias
Estado de retiro Estado de pérdida Fuente del sistema de clasificación o colocación Estado dañado Excepción de préstamo Código de colección Localización permanente Ubicación/localización actual Ubicación en estantería Fecha de adquisición Número de inventario Total de préstamos Signatura topográfica completa Código de barras Fecha visto por última vez Precio válido a partir de Tipo de ítem Koha
    Clasificación Decimal Universal     Humanistica BIBLIOTECA CENTRAL BIBLIOTECA CENTRAL BIBLIOTECA CENTRAL 07/06/2019 5917   174 5917c 07/06/2019 07/06/2019 Libros